| Tag |
First Indicator |
Second Indicator |
Subfields |
| LEADER |
00000cam a2200000 a 4500 |
| 001 |
in00000009244 |
| 005 |
20151007051516.0 |
| 008 |
860325s1986 maua b 00110 eng |
| 010 |
|
|
|a 86007923
|
| 020 |
|
|
|a 020111528X :
|c $17.95
|
| 020 |
|
|
|a 0201057174 (pbk.) :
|c $9.95
|
| 035 |
|
|
|a (OCoLC)13425358
|
| 035 |
|
|
|9 AAA3324AM
|
| 040 |
|
|
|a DLC
|c DLC
|d m/c
|d TXA
|d UtOrBLW
|
| 049 |
|
|
|a TXAM
|c [A12619545]
|
| 050 |
0 |
0 |
|a Z1037.A1
|b C74 1986
|
| 082 |
0 |
|
|a 028.5/5
|2 19
|
| 100 |
1 |
|
|a Copperman, Paul.
|
| 245 |
1 |
0 |
|a Taking books to heart :
|b how to develop a love of reading in your child /
|c by Paul Copperman.
|
| 264 |
|
1 |
|a Reading, Mass. :
|b Addison-Wesley,
|c 1986.
|
| 300 |
|
|
|a xi, 273 pages :
|b illustrations ;
|c 24 cm.
|
| 336 |
|
|
|a text
|b txt
|2 rdacontent
|
| 337 |
|
|
|a unmediated
|b n
|2 rdamedia
|
| 338 |
|
|
|a volume
|b nc
|2 rdacarrier
|
| 504 |
|
|
|a Includes bibliographies and index.
|
| 650 |
|
0 |
|a Children
|x Books and reading.
|
| 650 |
|
0 |
|a Families
|x Books and reading.
|
| 650 |
|
0 |
|a Reading (Preschool)
|
| 650 |
|
0 |
|a Reading (Primary)
|
| 999 |
|
|
|a MARS
|
| 999 |
f |
f |
|s f1f4d068-1ca6-393b-96d0-228405c5cfca
|i 34aba00a-25a4-31b8-95e9-23fb97db6022
|t 0
|
| 952 |
f |
f |
|p ric
|a Texas A&M University
|b Rellis Campus
|c Joint Library Facility
|d Remote Storage
|t 0
|e Z1037.A1 C74 1986
|h Library of Congress classification
|i unmediated -- volume
|m A14812619545
|
| 998 |
f |
f |
|a Z1037.A1 C74 1986
|t 0
|l Remote Storage
|